Español Cáp 2 Vocab. Quiz Stats

 Plays Quiz not verified by Sporcle

Challenge
Share
Tweet
Score 0/36 Timer 10:00
0 Plays Today
% Correct
n
90%
n
90%
n
80%
n
80%
n
80%
n
80%
n
80%
n
80%
n
80%
n
80%
n
80%
n
80%
n
80%
n
70%
n
70%
n
70%
n
70%
n
70%
% Correct
n
70%
n
70%
n
70%
n
70%
n
60%
n
60%
n
60%
n
60%
n
60%
n
60%
n
50%
n
50%
n
50%
n
50%
n
50%
n
50%
n
40%
n
30%

You're not logged in!

Compare scores with friends on all Sporcle quizzes.
Join for Free
OR
Log In

You Might Also Like...

Show Comments

Extras

Created Jan 22, 2016ReportNominate
Tags:Definition Quiz, cap, español, term

Top Quizzes Today


Score Distribution

Your Account Isn't Verified!

In order to create a playlist on Sporcle, you need to verify the email address you used during registration. Go to your Sporcle Settings to finish the process.

Report this User

Report this user for behavior that violates our Community Guidelines.

Details: